Paesi con più gruppi heavy metal - Statistics

Statistiche generali
  • Questo quiz è stato fatto 134 volte
  • Il punteggio medio è 21 su 26
Statistiche sulle risposte
Totale Per 100,000 Paesi % Corretto
6,528 Italia
99%
27,420 Stati Uniti
99%
10,939 13.27 Germania
96%
3,896 70.05 Finlandia
95%
4,631 46.07 Svezia
95%
5,133 Francia
94%
5,211 Regno Unito
94%
31.64 Norvegia
93%
4,107 Russia
93%
3,666 Spagna
91%
4,180 Canada
86%
17.37 Danimarca
86%
2,409 14.06 Paesi Bassi
84%
2,595 Australia
83%
3,501 Polonia
82%
2,879 Messico
81%
13.79 Austria
77%
6,109 Brasile
75%
15.80 Estonia
74%
18.17 Grecia
72%
39.93 Islanda
70%
13.87 Repubblica Ceca
67%
13.98 Slovenia
56%
14.57 Lussemburgo
45%
16.39 Malta
39%
33.85 Liechtenstein
30%
Nessun quiz corrispondente trovato
Distribuzione punteggi
Percentuale di utenti per punteggio
Percentile per numero di risposta
I tuoi punteggi nel tempo
Non hai fatto questo quiz